000 00706nam a2200205 i 4500
001 71048
003 ES-MaACL
005 20240511063023.0
007 t|
008 040805s1920 sp |||| | spa d
100 1 _aGasset, Rafael,
_d1866-1927
_955907
245 1 3 _aLa humanidad insumisa
_b: la Revolución rusa ; El problema social en España /
_cRafael Gasset.
260 _aMadrid :
_b[s.n.],
_c1920 (
_fTip. de El Imparcial)
300 _a225 p. ;
_c19 cm.
651 4 _aRusia-
_xHistoria-
_y1917-1921, Revolución.
_99336
651 4 _aEspaña-
_xSituación social-
_y1902-1931.
_9165930
740 3 2 _aEl problema social en España.
852 _aES-MaACL
_jF-6937
999 _c71048
_d71048